| 000 | 00593cam a2200181 4500500 | ||
|---|---|---|---|
| 005 | 20260329004417.0 | ||
| 041 | _afre | ||
| 042 | _adc | ||
| 100 | 1 | 0 |
_aMorel, François _eauthor |
| 245 | 0 | 0 | _a« Les faits divers, ce sont aussi des faits qui font diversion » |
| 260 | _c2019. | ||
| 500 | _a65 | ||
| 690 | _aFaits divers | ||
| 690 | _aFrançois Morel | ||
| 690 | _aPierre Bourdieu | ||
| 786 | 0 | _nPhilosophie magazine | 133 | 10 | 2019-10-01 | p. 68-68 | 1951-1787 | |
| 856 | 4 | 1 | _uhttps://shs.cairn.info/magazine-philosophie-magazine-2019-10-page-68?lang=fr&redirect-ssocas=7080 |
| 999 |
_c1833586 _d1833586 |
||